[Event "Titled Tuesday intern op 18th Jul Early"]
[Site "Chess.com INT"]
[Date "2023.07.18"]
[Round "11"]
[White "Hernandez Bermudez, Ulises Eduardo"]
[Black "Spichkin, Alexander"]
[Result "1-0"]
[WhiteElo "2042"]
[BlackElo "2052"]
[PlyCount "149"]
[EventDate "2023.07.18"]
[EventType "swiss (blitz)"]
[EventRounds "11"]
[EventCountry "USA"]
[SourceTitle "EXT 2024"]
[Source "ChessBase"]
[SourceDate "2023.10.10"]
[SourceVersion "1"]
[SourceVersionDate "2023.10.10"]
[SourceQuality "1"]

1. e4 e5 2. Nf3 d5 3. Nxe5 Bd6 4. d4 dxe4 5. Nc3 Bxe5 6. dxe5 Qxd1+ 7. Nxd1 Nc6 8. Nc3 Bf5 9. Bf4 0-0-0 10. Bb5 Nd4 11. Ba4 Ne6 12. Be3 Ne7 13. 0-0 Ng6 14. f4 exf3 15. Rxf3 Bg4 16. Rxf7 Nxe5 17. Re7 Nc4 18. Re1 Nxe3 19. Rxe3 Nc5 20. Rxg7 h5 21. Bb5 Rd2 22. b4 Ne6 23. Rxg4 hxg4 24. Rxe6 Rxc2 25. Re3 c6 26. Ba4 Rb2 27. Bb3 Rd8 28. Ne4 Rd4 29. g3 Rxb4 30. Nd6+ Kc7 31. Nc4 Rb1+ 32. Kf2 a5 33. Nxa5 b5 34. Re6 Rc1 35. Re7+ Kb6 36. Nb7 Rc3 37. Nd6 Rd4 38. Ne4 Rf3+ 39. Ke2 c5 40. Re6+ Ka5 41. Nxc5 Kb4 42. Ne4 Ka3 43. Re5 b4 44. Nd2 Rfd3 45. Nc4+ Rxc4 46. Bxc4 Rc3 47. Bb3 Kb2 48. Re4 Ka3 49. Rxg4 Rc6 50. Rc4 Re6+ 51. Kf3 Rf6+ 52. Rf4 Rh6 53. h4 Rd6 54. h5 Rd3+ 55. Kg4 Rd2 56. h6 Rh2 57. Kg5 Rf2 58. g4 Rf3 59. Bf7 Rc3 60. h7 Rc5+ 61. Kg6 Rc6+ 62. Kg7 Ra6 63. Rf3+ Ka4 64. Bb3+ Ka3 65. Bc4+ Ka4 66. Bxa6 b3 67. axb3+ Kb4 68. h8Q Ka3 69. Qf8+ Kb2 70. Bc4 Kc2 71. b4 Kb2 72. Rb3+ Ka2 73. Qf2+ Ka1 74. Qd4+ Ka2 75. Qb2# 1-0

[Event "Titled Tuesday intern op 18th Jul Early"]
[Site "Chess.com INT"]
[Date "2023.07.18"]
[Round "3"]
[White "Hernandez Bermudez, Ulises Eduardo"]
[Black "Topalov, Aleksandar"]
[Result "1-0"]
[WhiteElo "2042"]
[BlackElo "2233"]
[PlyCount "45"]
[EventDate "2023.07.18"]
[EventType "swiss (blitz)"]
[EventRounds "11"]
[EventCountry "USA"]
[SourceTitle "EXT 2024"]
[Source "ChessBase"]
[SourceDate "2023.10.10"]
[SourceVersion "1"]
[SourceVersionDate "2023.10.10"]
[SourceQuality "1"]

1. e4 e6 2. d4 d5 3. exd5 exd5 4. c4 Nf6 5. Nc3 Bd6 6. cxd5 0-0 7. Bc4 h6 8. Nge2 Nbd7 9. Bb3 Nb6 10. Qd3 Bg4 11. 0-0 Bh5 12. Nf4 Bxf4 13. Bxf4 Bg6 14. Qf3 a6 15. Rad1 Re8 16. d6 c6 17. Be5 Nfd7 18. Rfe1 Qg5 19. Ne4 Nxe5 20. dxe5 Qxe5 21. d7 Red8 22. Nd6 Qf5 23. Nxf5 1-0

[Event "Titled Tuesday intern op 11th Jul Early"]
[Site "Chess.com INT"]
[Date "2023.07.11"]
[Round "8"]
[White "Hernandez Bermudez, Ulises Eduardo"]
[Black "Barbot, Pierre"]
[Result "0-1"]
[WhiteElo "2042"]
[BlackElo "2465"]
[PlyCount "74"]
[EventDate "2023.07.11"]
[EventType "swiss (blitz)"]
[EventRounds "11"]
[EventCountry "USA"]
[SourceTitle "EXT 2024"]
[Source "ChessBase"]
[SourceDate "2023.10.10"]
[SourceVersion "1"]
[SourceVersionDate "2023.10.10"]
[SourceQuality "1"]

1. e4 c5 2. c3 Nf6 3. e5 Nd5 4. d4 cxd4 5. Qxd4 e6 6. Bd3 Nc6 7. Qe4 d6 8. exd6 Bxd6 9. Nf3 Nf6 10. Qe2 h6 11. 0-0 0-0 12. Rd1 Qc7 13. Nbd2 Rd8 14. Nc4 Bf8 15. a4 Ne7 16. Ne3 b6 17. b4 Bb7 18. Bb2 Ned5 19. Nxd5 Nxd5 20. Qe1 Nf4 21. Be4 Rac8 22. Bxb7 Qxb7 23. Qe5 Nd3 24. Qe2 Nxb2 25. Qxb2 Qe4 26. Nd4 Rc4 27. f3 Qe3+ 28. Kh1 Rdc8 29. Nb5 a6 30. Nd6 Bxd6 31. Rxd6 Rxc3 32. Rad1 Rc1 33. h3 Rxd1+ 34. Rxd1 Qf4 35. Qf2 g6 36. Qxb6 Rc2 37. Qd8+ Kh7 0-1

[Event "Titled Tuesday intern op 11th Jul Early"]
[Site "Chess.com INT"]
[Date "2023.07.11"]
[Round "11"]
[White "Hernandez Bermudez, Ulises Eduardo"]
[Black "Glavina, Pablo"]
[Result "1-0"]
[WhiteElo "2042"]
[BlackElo "2415"]
[PlyCount "93"]
[EventDate "2023.07.11"]
[EventType "swiss (blitz)"]
[EventRounds "11"]
[EventCountry "USA"]
[SourceTitle "EXT 2024"]
[Source "ChessBase"]
[SourceDate "2023.10.10"]
[SourceVersion "1"]
[SourceVersionDate "2023.10.10"]
[SourceQuality "1"]

1. e4 e5 2. Nf3 Nc6 3. Bb5 a6 4. Ba4 Nf6 5. Qe2 b5 6. Bb3 Bc5 7. c3 d6 8. 0-0 Bb6 9. Rd1 0-0 10. h3 Ne7 11. d4 Ng6 12. dxe5 Nd7 13. exd6 cxd6 14. Rxd6 Qc7 15. Rd1 Nc5 16. Bd5 Bb7 17. Bxb7 Qxb7 18. Be3 Qxe4 19. Nbd2 Qc6 20. Bxc5 Bxc5 21. Nb3 Rfe8 22. Qd2 Bf8 23. Nbd4 Qb7 24. Re1 Rad8 25. Rxe8 Rxe8 26. Re1 Rd8 27. Qg5 Be7 28. Qg3 b4 29. Nf5 Bf8 30. h4 h5 31. Qg5 bxc3 32. Qxd8 cxb2 33. Qd3 Nf4 34. Qb3 Qc6 35. Qxb2 Qg6 36. Ne7+ Bxe7 37. Qb8+ Kh7 38. Qxf4 Bd6 39. Ng5+ Kg8 40. Re8+ Bf8 41. Qb8 Qxg5 42. Rxf8+ Kh7 43. hxg5 Kg6 44. Qe5 a5 45. f3 a4 46. g4 a3 47. Qf5# 1-0

[Event "Titled Tuesday intern op 11th Jul Early"]
[Site "Chess.com INT"]
[Date "2023.07.11"]
[Round "2"]
[White "Hernandez Bermudez, Ulises Eduardo"]
[Black "Szczurek, Krzysztof"]
[Result "0-1"]
[WhiteElo "2042"]
[BlackElo "2195"]
[PlyCount "94"]
[EventDate "2023.07.11"]
[EventType "swiss (blitz)"]
[EventRounds "11"]
[EventCountry "USA"]
[SourceTitle "EXT 2024"]
[Source "ChessBase"]
[SourceDate "2023.10.10"]
[SourceVersion "1"]
[SourceVersionDate "2023.10.10"]
[SourceQuality "1"]

1. e4 c5 2. c3 d5 3. exd5 Qxd5 4. d4 Nc6 5. Nf3 Nf6 6. Be2 e6 7. 0-0 cxd4 8. cxd4 Be7 9. Nc3 Qd8 10. Bf4 0-0 11. Rc1 a6 12. Bd3 Nb4 13. Bb1 Nbd5 14. Be5 Bd7 15. Qd3 g6 16. Rfd1 Bc6 17. Ng5 Nh5 18. Nge4 f6 19. Bg3 f5 20. Nc5 Bxc5 21. dxc5 f4 22. Qe4 Qf6 23. Nxd5 exd5 24. Qd3 fxg3 25. fxg3 d4 26. Kh1 Rad8 27. a3 Qe5 28. Ba2+ Kh8 29. Re1 Qf6 30. Qd2 Ng7 31. h3 Nf5 32. Kh2 Ne3 33. Re2 Qg5 34. Qd3 Nf5 35. Rce1 Qf6 36. Re5 Ne3 37. R1xe3 dxe3 38. Qxe3 Rde8 39. Rxe8 Rxe8 40. Qc3 Qxc3 41. bxc3 Re2 42. Bc4 Rxg2+ 43. Kh1 Rxg3+ 44. Kh2 Rg2+ 45. Kh1 Rc2+ 46. Kg1 Rxc3 47. Be6 Rxc5 0-1

[Event "Titled Tuesday intern op 14th Jun Late"]
[Site "Chess.com INT"]
[Date "2022.06.14"]
[Round "1"]
[White "Hernandez Bermudez, Ulises Eduardo"]
[Black "Pinheiro, Iung Alicio"]
[Result "0-1"]
[WhiteElo "2042"]
[BlackElo "2320"]
[PlyCount "92"]
[EventDate "2022.06.14"]
[EventType "swiss (blitz)"]
[EventRounds "11"]
[EventCountry "USA"]
[SourceTitle "EXT 2023"]
[Source "ChessBase"]
[SourceDate "2022.10.05"]
[SourceVersion "1"]
[SourceVersionDate "2022.10.05"]
[SourceQuality "1"]

1. e4 c5 2. c3 Nf6 3. e5 Nd5 4. d4 cxd4 5. Qxd4 Nc7 6. Nf3 Nc6 7. Qe4 d5 8. Qe2 Bf5 9. g3 e6 10. Bg2 Be7 11. 0-0 0-0 12. Rd1 Qb8 13. Nbd2 b5 14. Nb3 Qb7 15. Nbd4 Nxd4 16. Nxd4 Bg6 17. f4 b4 18. Be3 Rfc8 19. c4 Bc5 20. cxd5 Nxd5 21. Bf2 Bxd4 22. Rxd4 Rc2 23. Rd2 Rac8 24. Rad1 b3 25. axb3 Qxb3 26. Bxd5 exd5 27. Rxd5 h5 28. R5d2 Qxb2 29. f5 Rxd2 30. Rxd2 Qb1+ 31. Qd1 Rc1 32. Rd8+ Kh7 33. fxg6+ fxg6 34. Qxc1 Qxc1+ 35. Kg2 Qc6+ 36. Kg1 a5 37. Rd6 Qe4 38. Bd4 a4 39. Rd7 a3 40. e6 Qxe6 41. Rxg7+ Kh6 42. Ra7 a2 43. h4 Qe1+ 44. Kg2 Qd2+ 45. Kf3 Qxd4 46. Rxa2 Qd5+ 0-1

[Event "Titled Tuesday intern op 14th Jun Late"]
[Site "Chess.com INT"]
[Date "2022.06.14"]
[Round "4"]
[White "Sohal, Tanraj"]
[Black "Hernandez Bermudez, Ulises Eduardo"]
[Result "0-1"]
[WhiteElo "2220"]
[BlackElo "2042"]
[PlyCount "130"]
[EventDate "2022.06.14"]
[EventType "swiss (blitz)"]
[EventRounds "11"]
[EventCountry "USA"]
[SourceTitle "EXT 2023"]
[Source "ChessBase"]
[SourceDate "2022.10.05"]
[SourceVersion "1"]
[SourceVersionDate "2022.10.05"]
[SourceQuality "1"]

1. d4 Nf6 2. Nf3 g6 3. g3 Bg7 4. Bg2 0-0 5. 0-0 d6 6. c3 Nc6 7. Bf4 Re8 8. Nbd2 e5 9. dxe5 dxe5 10. Bg5 Be6 11. Nb3 Qxd1 12. Raxd1 Ne4 13. Be3 Rad8 14. Nfd2 Nd6 15. Nc5 Bc8 16. Bxc6 bxc6 17. Ndb3 Nc4 18. Bc1 Bh3 19. Rfe1 e4 20. Nd4 Bf8 21. Ncb3 Rd6 22. Bf4 Ne5 23. Bxe5 Rxe5 24. Nc2 Red5 25. Rxd5 Rxd5 26. f3 f5 27. fxe4 fxe4 28. Kf2 Bf5 29. Ne3 Rb5 30. Rd1 a5 31. Rd4 Be6 32. Rxe4 Bxb3 33. axb3 Rxb3 34. Nc4 a4 35. Na5 Rxb2 36. Rxa4 Bc5+ 37. Kf3 Rc2 38. Nc4 Rxc3+ 39. Kf4 Rc2 40. Ne5 Bd6 41. Re4 Rc5 42. h4 Kg7 43. g4 Kf6 44. g5+ Ke6 45. e3 Rxe5 46. Rxe5+ Bxe5+ 47. Ke4 c5 48. Kd3 Bg3 49. h5 gxh5 50. Ke4 c4 51. Kd4 Bf2 52. Kxc4 Bxe3 53. Kd3 Bxg5 54. Ke4 c5 55. Kd3 Kd5 56. Kc2 c4 57. Kd1 Kd4 58. Kc2 c3 59. Kd1 Kd3 60. Ke1 c2 61. Kf2 c1Q 62. Kg3 Qf4+ 63. Kg2 Qg4+ 64. Kh1 Qh3+ 65. Kg1 Be3# 0-1

[Event "Titled Tuesday intern op 17th May Late"]
[Site "Chess.com INT"]
[Date "2022.05.17"]
[Round "11"]
[White "Hernandez Bermudez, Ulises Eduardo"]
[Black "Melikhov, Evgeny V"]
[Result "0-1"]
[WhiteElo "2042"]
[BlackElo "2292"]
[PlyCount "136"]
[EventDate "2022.05.17"]
[EventType "swiss (blitz)"]
[EventRounds "11"]
[EventCountry "USA"]
[SourceTitle "CBM 208 Extra"]
[Source "ChessBase"]
[SourceDate "2022.07.31"]
[SourceVersion "1"]
[SourceVersionDate "2022.07.31"]
[SourceQuality "1"]

1. e4 c5 2. Nf3 d6 3. d4 cxd4 4. Nxd4 Nf6 5. f3 e5 6. Nb3 Be6 7. c4 Be7 8. Nc3 0-0 9. Be3 a6 10. Be2 Nbd7 11. Rc1 Rc8 12. Nd2 Nh5 13. 0-0 Bg5 14. Bf2 Nf4 15. b3 Nc5 16. Nd5 Bxd5 17. cxd5 Ncd3 18. Rxc8 Qxc8 19. Nc4 Nxf2 20. Rxf2 Qc5 21. Kf1 b5 22. Nb2 Rc8 23. Bd3 Qc1 24. Qe1 Qxb2 25. Rxb2 Nxd3 26. Qa5 Nxb2 27. Qxa6 Rc1+ 28. Kf2 h6 29. Qxb5 Rc2+ 30. Kg3 Bf4+ 31. Kh3 Nd1 32. Qe8+ Kh7 33. Qxf7 Nf2+ 34. Kh4 Bg5+ 35. Kg3 Nh1+ 36. Kh3 Nf2+ 37. Kg3 Nh1+ 38. Kg4 Rxg2+ 39. Kf5 Rf2 40. Qg6+ Kg8 41. Qxd6 Rxf3+ 42. Ke6 Rf6+ 43. Kxe5 Bf4+ 44. Kd4 Bxd6 45. e5 Bxe5+ 46. Kxe5 Ra6 47. a4 Kf8 48. d6 Ke8 49. Ke6 Kd8 50. Kf7 Nf2 51. Kxg7 Rxd6 52. h4 Kd7 53. b4 Rd4 54. b5 Rxa4 55. Kxh6 Rb4 56. h5 Rxb5 57. Kg6 Ke6 58. h6 Rb3 59. h7 Rg3+ 60. Kh5 Kf7 61. h8Q Rh3+ 62. Kg5 Rxh8 63. Kf4 Rh5 64. Ke3 Kg6 65. Kxf2 Kf5 66. Kg3 Rg5+ 67. Kf3 Rg4 68. Ke2 Ke4 0-1

[Event "Titled Tuesday intern op 17th May Late"]
[Site "Chess.com INT"]
[Date "2022.05.17"]
[Round "1"]
[White "Hernandez Bermudez, Ulises Eduardo"]
[Black "Souleidis, Georgios"]
[Result "0-1"]
[WhiteElo "2042"]
[BlackElo "2430"]
[PlyCount "42"]
[EventDate "2022.05.17"]
[EventType "swiss (blitz)"]
[EventRounds "11"]
[EventCountry "USA"]
[SourceTitle "CBM 208 Extra"]
[Source "ChessBase"]
[SourceDate "2022.07.31"]
[SourceVersion "1"]
[SourceVersionDate "2022.07.31"]
[SourceQuality "1"]

1. e4 e5 2. Nf3 d6 3. d4 Bg4 4. dxe5 Nd7 5. Bc4 dxe5 6. 0-0 Ngf6 7. Nc3 Bc5 8. Bg5 c6 9. h3 Bh5 10. Qe2 0-0 11. Rad1 Qc7 12. a3 Rfe8 13. Bb3 b5 14. Rd2 Bd4 15. Qd3 Nc5 16. Qe2 Bxc3 17. bxc3 Ncxe4 18. Bxf6 Nxd2 19. Qxd2 gxf6 20. Nh4 Bg6 21. Qh6 Kh8 0-1

[Event "Titled Tuesday intern op 17th May Late"]
[Site "Chess.com INT"]
[Date "2022.05.17"]
[Round "6"]
[White "Kopczynski, Michal"]
[Black "Hernandez Bermudez, Ulises Eduardo"]
[Result "0-1"]
[WhiteElo "2225"]
[BlackElo "2042"]
[PlyCount "56"]
[EventDate "2022.05.17"]
[EventType "swiss (blitz)"]
[EventRounds "11"]
[EventCountry "USA"]
[SourceTitle "CBM 208 Extra"]
[Source "ChessBase"]
[SourceDate "2022.07.31"]
[SourceVersion "1"]
[SourceVersionDate "2022.07.31"]
[SourceQuality "1"]

1. e4 c5 2. d4 cxd4 3. c3 dxc3 4. Nxc3 Nc6 5. f4 d6 6. Nf3 Nf6 7. Bd3 e6 8. 0-0 Be7 9. Kh1 0-0 10. Qe1 e5 11. f5 d5 12. exd5 Nxd5 13. Nxd5 Qxd5 14. Be4 Qd8 15. Be3 Qc7 16. Qg3 Bf6 17. Bg5 Qe7 18. h4 Kh8 19. Qh3 Nd4 20. Bxf6 Qxf6 21. Nh2 Bd7 22. Ng4 Qb6 23. Nxe5 Bb5 24. Rfd1 Rae8 25. Qg3 f6 26. Ng6+ hxg6 27. fxg6 Rxe4 28. Re1 Nf5 0-1

[Event "Titled Tuesday intern op 03rd May Late"]
[Site "Chess.com INT"]
[Date "2022.05.03"]
[Round "5"]
[White "Gutierrez Olivares, Daniel"]
[Black "Hernandez Bermudez, Ulises Eduardo"]
[Result "1-0"]
[WhiteElo "2354"]
[BlackElo "2042"]
[PlyCount "69"]
[EventDate "2022.05.03"]
[EventType "swiss (blitz)"]
[EventRounds "11"]
[EventCountry "USA"]
[SourceTitle "CBM 208 Extra"]
[Source "ChessBase"]
[SourceDate "2022.07.31"]
[SourceVersion "1"]
[SourceVersionDate "2022.07.31"]
[SourceQuality "1"]

1. Nf3 Nf6 2. g3 g6 3. c4 Bg7 4. Bg2 d6 5. 0-0 0-0 6. Nc3 Nc6 7. b3 e5 8. Bb2 Re8 9. Rc1 Bf5 10. a3 a5 11. Nd5 Nxd5 12. cxd5 Ne7 13. Nh4 Bd7 14. Qc2 Rc8 15. e4 c6 16. dxc6 bxc6 17. d3 Qb6 18. Bc3 d5 19. Rb1 d4 20. Bd2 c5 21. f4 f6 22. Nf3 Bb5 23. a4 Ba6 24. Bh3 Rc7 25. fxe5 fxe5 26. Ng5 Nc8 27. Qa2 Nd6 28. b4+ c4 29. bxa5 Qc6 30. Rb6 Qa8 31. Be6+ Rxe6 32. Nxe6 Re7 33. dxc4 Nc8 34. c5 Nxb6 35. axb6 1-0

[Event "Titled Tuesday intern op 03rd May Late"]
[Site "Chess.com INT"]
[Date "2022.05.03"]
[Round "1"]
[White "Kozin, Yuri"]
[Black "Hernandez Bermudez, Ulises Eduardo"]
[Result "0-1"]
[WhiteElo "2251"]
[BlackElo "2042"]
[PlyCount "64"]
[EventDate "2022.05.03"]
[EventType "swiss (blitz)"]
[EventRounds "11"]
[EventCountry "USA"]
[SourceTitle "CBM 208 Extra"]
[Source "ChessBase"]
[SourceDate "2022.07.31"]
[SourceVersion "1"]
[SourceVersionDate "2022.07.31"]
[SourceQuality "1"]

1. e4 c5 2. Nf3 d6 3. d4 cxd4 4. Nxd4 Nf6 5. Nc3 a6 6. Be3 e5 7. Nf3 Qc7 8. a4 Be7 9. a5 Nbd7 10. Be2 0-0 11. 0-0 b5 12. axb6 Nxb6 13. Bg5 Be6 14. Rxa6 Rxa6 15. Bxa6 Nc4 16. Bxc4 Qxc4 17. Nd2 Qb4 18. Qa1 Rb8 19. Nb3 Bxb3 20. cxb3 Qxb3 21. Bxf6 Bxf6 22. Nd5 Bd8 23. Qa7 Qb7 24. Qa4 Bb6 25. Ra1 Bd4 26. Rb1 Qb3 27. Qd7 Qd3 28. Rf1 h6 29. Qxd6 Rxb2 30. Qd8+ Kh7 31. Qd7 Bxf2+ 32. Rxf2 Rb1+ 0-1

[Event "Titled Tuesday intern op 03rd May Late"]
[Site "Chess.com INT"]
[Date "2022.05.03"]
[Round "7"]
[White "Mangialardo, Tiago Carvalho"]
[Black "Hernandez Bermudez, Ulises Eduardo"]
[Result "0-1"]
[WhiteElo "1965"]
[BlackElo "2042"]
[PlyCount "74"]
[EventDate "2022.05.03"]
[EventType "swiss (blitz)"]
[EventRounds "11"]
[EventCountry "USA"]
[SourceTitle "CBM 208 Extra"]
[Source "ChessBase"]
[SourceDate "2022.07.31"]
[SourceVersion "1"]
[SourceVersionDate "2022.07.31"]
[SourceQuality "1"]

1. e4 c5 2. Nf3 d6 3. d4 cxd4 4. Nxd4 Nf6 5. Nc3 a6 6. Bd3 e5 7. Nf3 Be7 8. Be3 0-0 9. Kd2 Ng4 10. Qe2 Nxe3 11. Qxe3 Be6 12. h4 Nc6 13. Ke1 Bg4 14. Nd5 Rc8 15. c3 b5 16. Nh2 Be6 17. Nxe7+ Qxe7 18. h5 f5 19. exf5 Bxf5 20. Bxf5 Rxf5 21. g4 Rf4 22. Rd1 Rcf8 23. Rd2 Nd8 24. Qd3 Nf7 25. f3 e4 26. fxe4 Rxe4+ 27. Kd1 Re8 28. Kc2 Re2 29. Nf3 Rxd2+ 30. Qxd2 Qe4+ 31. Qd3 Qxg4 32. Rg1 Qe4 33. h6 Qxd3+ 34. Kxd3 Nxh6 35. Nd4 Nf7 36. Rg4 Ne5+ 37. Kd2 Nxg4 0-1

[Event "Titled Tuesday intern op 19th Apr Late"]
[Site "Chess.com INT"]
[Date "2022.04.19"]
[Round "3"]
[White "Hernandez Bermudez, Ulises Eduardo"]
[Black "Sernecki, Franciszek"]
[Result "0-1"]
[WhiteElo "2042"]
[BlackElo "2272"]
[PlyCount "110"]
[EventDate "2022.04.19"]
[EventType "swiss (blitz)"]
[EventRounds "11"]
[EventCountry "USA"]
[SourceTitle "EXT 2023"]
[Source "ChessBase"]
[SourceDate "2022.10.05"]
[SourceVersion "1"]
[SourceVersionDate "2022.10.05"]
[SourceQuality "1"]

1. e4 c6 2. d4 d5 3. e5 Bf5 4. h4 h6 5. Bd3 Bxd3 6. Qxd3 e6 7. Nf3 Qa5+ 8. c3 Qa6 9. Qxa6 Nxa6 10. 0-0 Ne7 11. b4 Nc7 12. a4 a5 13. Nbd2 Nc8 14. bxa5 Rxa5 15. Nb3 Ra7 16. Bd2 Nb6 17. a5 Nc4 18. Be3 Be7 19. Nfd2 Nxd2 20. Nxd2 Bxh4 21. c4 0-0 22. cxd5 Nxd5 23. Rfb1 Rfa8 24. Nc4 Bd8 25. Rb3 Bxa5 26. Nxa5 Rxa5 27. Rxa5 Rxa5 28. Rxb7 Rb5 29. Ra7 Rb1+ 30. Kh2 Rb3 31. Ra8+ Kh7 32. Rc8 Nxe3 33. fxe3 Rxe3 34. Rxc6 Rd3 35. Rd6 Kg6 36. Rd7 f6 37. Rd6 Kf5 38. exf6 gxf6 39. Kg1 Rd2 40. Kh2 Rd3 41. Kg1 e5 42. dxe5 Rxd6 43. exd6 Ke6 44. Kf2 Kxd6 45. Kf3 Ke5 46. Ke3 Kf5 47. Kf3 h5 48. g3 Kg5 49. Kf2 Kg4 50. Kg2 f5 51. Kf2 Kh3 52. Kf3 Kh2 53. Kf4 Kg2 54. Kxf5 Kxg3 55. Kg5 h4 0-1

[Event "Titled Tuesday intern op 05th Apr Early"]
[Site "Chess.com INT"]
[Date "2022.04.05"]
[Round "8"]
[White "Araujo Filho, Luiz Antonio"]
[Black "Hernandez Bermudez, Ulises Eduardo"]
[Result "1-0"]
[WhiteElo "2089"]
[BlackElo "2042"]
[PlyCount "83"]
[EventDate "2022.04.05"]
[EventType "swiss (blitz)"]
[EventRounds "11"]
[EventCountry "USA"]
[SourceTitle "CBM 207 Extra"]
[Source "ChessBase"]
[SourceDate "2022.05.31"]
[SourceVersion "1"]
[SourceVersionDate "2022.05.31"]
[SourceQuality "1"]

1. d4 Nf6 2. Nf3 g6 3. c4 Bg7 4. Nc3 d6 5. e4 0-0 6. Be2 e5 7. dxe5 dxe5 8. 0-0 Nc6 9. Bg5 Qxd1 10. Rfxd1 Be6 11. Nd5 Nxe4 12. Nxc7 Rac8 13. Nxe6 fxe6 14. Be3 Rfd8 15. Rxd8+ Rxd8 16. Rd1 Nd4 17. Kf1 Bf6 18. Bd3 Nxf3 19. gxf3 Ng5 20. Ke2 b6 21. Bc2 Rxd1 22. Bxd1 e4 23. f4 Nf3 24. Bc2 Bxb2 25. Bxe4 Nh4 26. c5 bxc5 27. Bxc5 a5 28. Kd3 Nf5 29. Kc4 Bc1 30. Bxf5 exf5 31. Be3 Ba3 32. Kb5 Bb4 33. a4 Kf7 34. Bb6 Bd2 35. Bxa5 Bxf4 36. Kc6 Bxh2 37. Bc7 Bg1 38. a5 Bxf2 39. Bb6 Bg3 40. a6 Bb8 41. Kb7 Be5 42. a7 1-0

[Event "Titled Tuesday intern op 05th Apr Early"]
[Site "Chess.com INT"]
[Date "2022.04.05"]
[Round "5"]
[White "Dilmukhametov, Artur"]
[Black "Hernandez Bermudez, Ulises Eduardo"]
[Result "0-1"]
[WhiteElo "2293"]
[BlackElo "2042"]
[PlyCount "42"]
[EventDate "2022.04.05"]
[EventType "swiss (blitz)"]
[EventRounds "11"]
[EventCountry "USA"]
[SourceTitle "CBM 207 Extra"]
[Source "ChessBase"]
[SourceDate "2022.05.31"]
[SourceVersion "1"]
[SourceVersionDate "2022.05.31"]
[SourceQuality "1"]

1. d4 Nf6 2. Nc3 d5 3. Bf4 g6 4. Nf3 Bg7 5. e3 0-0 6. Bd3 Nbd7 7. Qd2 c5 8. 0-0-0 c4 9. Be2 a6 10. h4 h5 11. Rdg1 b5 12. Ng5 Nb6 13. g4 Bxg4 14. Bxg4 Nxg4 15. f3 Nf6 16. Be5 b4 17. Ne2 b3 18. axb3 cxb3 19. c3 Nc4 20. Qd3 Qa5 21. Kd1 Nxb2+ 0-1

[Event "Titled Tuesday intern op 05th Apr Late"]
[Site "Chess.com INT"]
[Date "2022.04.05"]
[Round "11"]
[White "Hernandez Bermudez, Ulises Eduardo"]
[Black "Brizzi, Milagros Tatiana"]
[Result "1/2-1/2"]
[WhiteElo "2042"]
[BlackElo "2062"]
[PlyCount "67"]
[EventDate "2022.04.05"]
[EventType "swiss (blitz)"]
[EventRounds "11"]
[EventCountry "USA"]
[SourceTitle "CBM 207 Extra"]
[Source "ChessBase"]
[SourceDate "2022.05.31"]
[SourceVersion "1"]
[SourceVersionDate "2022.05.31"]
[SourceQuality "1"]

1. e4 c6 2. d4 d5 3. e5 Bf5 4. h4 h5 5. Bd3 Bxd3 6. Qxd3 e6 7. Nf3 Be7 8. g3 Nh6 9. 0-0 Nf5 10. Kg2 c5 11. c3 Nc6 12. a3 Qb6 13. Rd1 Rc8 14. b4 cxd4 15. cxd4 0-0 16. Bb2 a5 17. b5 Na7 18. a4 Rc7 19. Nbd2 Rfc8 20. Rdc1 Bb4 21. Nb3 Rxc1 22. Rxc1 Rxc1 23. Bxc1 Qc7 24. Bd2 Bxd2 25. Qxd2 b6 26. Ne1 Nc8 27. Qc2 Qc4 28. Nd2 Qxc2 29. Nxc2 f6 30. f4 Kf7 31. Kf3 Nce7 32. Nf1 Ke8 33. Nfe3 Kd7 34. Nd1 1/2-1/2

[Event "Titled Tuesday intern op 05th Apr Late"]
[Site "Chess.com INT"]
[Date "2022.04.05"]
[Round "3"]
[White "Hernandez Bermudez, Ulises Eduardo"]
[Black "Miszler, Levente"]
[Result "0-1"]
[WhiteElo "2042"]
[BlackElo "2232"]
[PlyCount "94"]
[EventDate "2022.04.05"]
[EventType "swiss (blitz)"]
[EventRounds "11"]
[EventCountry "USA"]
[SourceTitle "CBM 207 Extra"]
[Source "ChessBase"]
[SourceDate "2022.05.31"]
[SourceVersion "1"]
[SourceVersionDate "2022.05.31"]
[SourceQuality "1"]

1. e4 e6 2. d4 d5 3. e5 c5 4. c3 Nc6 5. Nf3 Bd7 6. a3 c4 7. g3 Na5 8. Nbd2 Ne7 9. h4 Nc8 10. Bh3 Nb6 11. 0-0 Ba4 12. Qe2 Nb3 13. Nxb3 Bxb3 14. Ng5 Be7 15. f4 h6 16. Nf3 g6 17. h5 Rg8 18. Kh2 Qd7 19. Nd2 Ba4 20. hxg6 fxg6 21. Qg4 0-0-0 22. Qxe6 Kb8 23. Qxd7 Nxd7 24. f5 gxf5 25. Rxf5 Rdf8 26. Nf3 Bc2 27. Rxf8+ Rxf8 28. Bf4 Kc7 29. e6+ Rxf4 30. gxf4 Nf6 31. Rg1 Nh5 32. f5 Bd6+ 33. Ne5 Kd8 34. Rg6 Nf4 35. Rxh6 Nd3 36. f6 Nxe5 37. dxe5 Bxe5+ 38. Kg1 d4 39. Rh8+ Kc7 40. e7 dxc3 41. bxc3 Bxf6 42. e8Q Bxc3 43. Qd8+ Kc6 44. Bg2+ Kb5 45. Rh5+ Ka4 46. Qd7+ Kb3 47. Qb5+ Ka2 0-1

[Event "Titled Tuesday intern op 05th Apr Early"]
[Site "Chess.com INT"]
[Date "2022.04.05"]
[Round "4"]
[White "Hoffmann, Asa"]
[Black "Hernandez Bermudez, Ulises Eduardo"]
[Result "1-0"]
[WhiteElo "2185"]
[BlackElo "2042"]
[PlyCount "55"]
[EventDate "2022.04.05"]
[EventType "swiss (blitz)"]
[EventRounds "11"]
[EventCountry "USA"]
[SourceTitle "CBM 207 Extra"]
[Source "ChessBase"]
[SourceDate "2022.05.31"]
[SourceVersion "1"]
[SourceVersionDate "2022.05.31"]
[SourceQuality "1"]

1. d4 Nf6 2. Bg5 Ne4 3. Bf4 d5 4. f3 Nf6 5. e4 dxe4 6. Nc3 exf3 7. Nxf3 e6 8. Bc4 Bd6 9. Ne5 0-0 10. Qe2 c5 11. 0-0-0 Qc7 12. Nb5 Qb6 13. Nxd6 Qxd6 14. Ng6 Qd8 15. Nxf8 Qxf8 16. Be5 Nfd7 17. Rhf1 Qe7 18. Qg4 Nxe5 19. dxe5 Nc6 20. Qf4 a6 21. Rd6 Nd4 22. c3 Nc6 23. Rfd1 h6 24. h4 Qc7 25. g4 b5 26. Bd3 Bb7 27. Be4 Rc8 28. Rd7 1-0